20 Biggest Cities in Alabama - Statistics

General Stats
  • This quiz has been taken 84 times
    83 since last reset
  • The average score is 12 of 20
Answer Stats
Hint Answer % Correct
195,400 Birmingham
98%
228,616 Huntsville
98%
193,702 Montgomery
98%
181,253 Mobile
95%
113,711 Tuscaloosa
91%
83,684 Auburn
84%
92,351 Hoover
73%
71,317 Dothan
70%
58,512 Decatur
64%
62,038 Madison
63%
33,012 Gadsden
57%
43,057 Florence
54%
38,322 Phenix City
43%
31,200 Daphne
39%
34,403 Opelika
39%
39,805 Prattville
39%
37,650 Vestavia Hills
39%
34,345 Alabaster
38%
31,080 Northport
27%
32,636 Athens
25%
No matching quizzes found
Score Distribution
Percent of People with Each Score
Percentile by Number Answered
Your Score History
You have not taken this quiz since the last reset